000 00662nam a22001937a 4500
999 _c30840
_d30840
003 OSt
008 210119b ||||| |||| 00| 0 eng d
020 _a0072232129
020 _a9780072232141
050 _aHF5548.4.M525
100 _a Hinkle, Deborah A.
245 _aMicrosoft Office Word 2003 :
_ba professional approach/
_cDeborah A Hinkle
260 _aBoston :
_bMcGraw-Hill Technology Education,
_c ©2005.
300 _axiv, 632, [24] p. :
_b illustrations ;
_c26 cm
_e1 CD-ROM
_g(4 3/4 in.)
500 _aIncludes index.
650 _a Microsoft Word.
650 _aWord processing.
942 _2lcc
_cBOOKS
_hHF5548.4.M525 2005